Psychology of union-management relations

Salvato in:
Dettagli Bibliografici
Autore principale: Stagner, Ross
Natura: Libro
Lingua:Undetermined
Pubblicazione: California Wadworth Publishing Copany, Inc. 1965
Soggetti:
Tags: Aggiungi Tag
Nessun Tag, puoi essere il primo ad aggiungerne! !
Thư viện lưu trữ: Trung tâm Học liệu Trường Đại học Cần Thơ
LEADER 00475nam a2200169Ia 4500
001 CTU_79175
008 210402s9999 xx 000 0 und d
082 |a 331 
082 |b S778 
100 |a Stagner, Ross 
245 0 |a Psychology of union-management relations 
245 0 |c Ross Stagner 
260 |a California 
260 |b Wadworth Publishing Copany, Inc. 
260 |c 1965 
650 |a Industrial relations 
980 |a Trung tâm Học liệu Trường Đại học Cần Thơ